000 00809cam a2200241u 4500
001 7374
003 BD-RjUL
005 20211208234415.0
008 140113s1954 enka 000 0 eng
035 _a(BD-RjUL)7417
040 _aDLC
_cCarP
_dDLC
_dBD-RjUL
_beng
041 _aeng
082 _219
_a489.35
_bKIT 1954
100 2 _aKinchin-Smith, Francis John,
_d1895- [from old catalog]
_923037
245 1 0 _aTeach yourself Greek /
_cF Kinchin Smith; T W Melluish
260 _aLondon :
_bPub. by Hodder and Stoughton for the English Universities Press ,
_c1954
300 _a331 p. :
_billus. ;
_c17 cm.
650 0 _aGreek language
_xGrammar
_923039
700 1 _aMelluish, Thomas William,
_d1904- [from old catalog]
_ejoint author.
_923040
942 _2ddc
_cBK
999 _c7374
_d7374